| 000 | 00467nam a22001817a 4500 | ||
|---|---|---|---|
| 003 | CEME | ||
| 005 | 20210628203437.0 | ||
| 008 | 210121b xxu||||| |||| 00| 0 eng d | ||
| 020 | _a0-618-09151-3 | ||
| 040 | _c. | ||
| 082 | _a641.5973 AND | ||
| 100 |
_aAnderson, Pam _965500 |
||
| 245 | _aCook smart, perfect recipes for every day | ||
| 260 |
_aNEW YORK _bHOUGHTON MIFFLIN _c2002 |
||
| 300 | _aXII,336 P | ||
| 650 |
_aCOOKERY AMERICAN _965501 |
||
| 942 |
_cBK _2ddc |
||
| 999 |
_c573687 _d573687 |
||